Introduction to comparative politics : (Record no. 6910)

MARC details
000 -LEADER
fixed length control field 00947nac a22002411u 4500
010 ## - LIBRARY OF CONGRESS CONTROL NUMBER
LC control number 2005937097
020 ## - INTERNATIONAL STANDARD BOOK NUMBER
International Standard Book Number 9780618604470
020 ## - INTERNATIONAL STANDARD BOOK NUMBER
International Standard Book Number 0618604472
082 ## - DEWEY DECIMAL CLASSIFICATION NUMBER
Classification number 320.3
Item number KES
090 ## - LOCALLY ASSIGNED LC-TYPE CALL NUMBER (OCLC); LOCAL CALL NUMBER (OCLC)
-- 6910
-- 6910
100 ## - MAIN ENTRY--PERSONAL NAME
Personal name Kesselman, Mark .
245 00 - TITLE STATEMENT
Title Introduction to comparative politics :
Remainder of title political challenges and changing agendas /
Statement of responsibility, etc general editors, Mark Kesselman, Joel Krieger, William A. Joseph.
250 ## - EDITION STATEMENT
Edition statement 4th ed.
260 ## - PUBLICATION, DISTRIBUTION, ETC. (IMPRINT)
Place of publication, distribution, etc Boston :
Name of publisher, distributor, etc Houghton Mifflin,c2007.
Date of publication, distribution, etc c2007.
300 ## - PHYSICAL DESCRIPTION
Extent 1 v. (various pagings) :
Other physical details ill., maps ;
Dimensions 24 cm.
500 ## - GENERAL NOTE
General note Distributer: Al-Ahram.
504 ## - BIBLIOGRAPHY, ETC. NOTE
Bibliography, etc Includes bibliographical references and index.
511 ## - PARTICIPANT OR PERFORMER NOTE
Participant or performer note Catalogued By: Mahitab.
650 #0 - SUBJECT ADDED ENTRY--TOPICAL TERM
Topical term or geographic name as entry element Comparative government.
700 1# - ADDED ENTRY--PERSONAL NAME
Personal name Krieger, Joel,
Titles and other words associated with a name 1951-
700 1# - ADDED ENTRY--PERSONAL NAME
Personal name Joseph, William A.
942 ## - ADDED ENTRY ELEMENTS (KOHA)
Item type Book - Borrowing
Call number prefix 320.3KES
Holdings
Withdrawn status Item status Damaged status Not for loan Home library Current library Shelving location Date acquired Source of acquisition Total Checkouts Total Renewals Full call number Barcode Date last seen Date last borrowed Koha item type
        Central Library Central Library First floor 07/12/2010 Purchase 5 2 320.3KES 000008524 15/07/2025 09/09/2015 Book - Borrowing